000 00938cam a2200301 a 4500
001 105714
005 20230410105201.0
008 950619s2002 sp b 000 0 spa
035 _9(DLC) 95032786
035 _a3506528
010 _a 95032786
020 _a8466306978
040 _aDLC
_cDLC
_dDLC
043 _amm-----
050 1 4 _aD 973
_bT412c 2002
082 0 0 _a918.22
100 1 _aTheroux, Paul,
_d1941-.
245 1 4 _aLas columnas de Hércules :
_bun viaje en torno al Mediterráneo /
_cPaul Theroux ; traducción de Alejandra Devoto.
260 _aMadrid :
_bSuma de Letras,
_c2002.
300 _a742 p. :
_bmapas ;
_c18 cm.
440 0 _aPunto de lectura ;
_v341/1
500 _aTítulo original: The pillars of Hercules.
600 1 4 _aTheroux, Paul,
_d1941-
_xViajes.
651 0 _aMediterráneo (Región)
_xDescripciones y viajes.
700 1 _aDevoto, Alejandra,
_etr.
942 _2lcc
_cbk
946 _aNBM
999 _c31695
_d31695